000 00709nam a2200205 i 4500
001 72164
003 ES-MaACL
005 20230906171336.0
007 t|
008 040826s1950 sp a |||| | spa d
245 0 0 _aSíntesis orgánica /
_cdirigido por Henry Gilman, A.H. Blatt ; traducción por Fernando Calvet, Faustino Cordón.
260 _aBarcelona :
_bGustavo Gili,
_c1950 (
_fCasa Provincial de Caridad, Imp. Escuela)
300 _a2 v. :
_bil. ;
_c24 cm.
650 0 4 _aCompuestos orgánicos-
_xSíntesis.
_911185
700 1 _aGilman, Henry.
_956996
700 1 _aBlatt, A. H.
_929420
700 1 _aCalvet, Fernando.
_933808
700 1 _aCordón, Faustino.
_940557
852 _aES-MaACL
_jA-5997-98
999 _c72164
_d72164